Manolo Valdes (Record no. 10905)
[ view plain ]
| 000 - LÍDER | |
|---|---|
| campo de control de longitud fija | 01368nam a2200241Ia 4500 |
| 008 - ELEMENTOS DE DATOS DE LONGITUD FIJA - INFORMACIÓN GENERAL | |
| campo de control de longitud fija | 0000001991 usad 0000000000eng00 |
| 020 ## - INTERNATIONAL STANDARD BOOK NUMBER | |
| International Standard Book Number | 897970721 |
| 090 ## - NÚMERO DE LLAMADA DE TIPO LC LOCALMENTE ASIGNADO (OCLC) | |
| Número de clasificación (OCLC) (R) | PSP00 M15m1 |
| 245 10 - TÍTULO DECLARACIÓN | |
| Título | Manolo Valdes |
| Resto del título | : recent work |
| Declaración de responsabilidad | / photography by John Lamka and Aida Robert E. Mates |
| 260 ## - PUBLICACIÓN, DISTRIBUCIÓN | |
| Lugar de publicación | New York : Marlborough Gallery |
| Fecha de publicación | 1991 |
| 300 ## - DESCRIPCIÓN FÍSICA | |
| Alcance | 51 p. |
| Dimensiones | / 29 cm. |
| 500 ## - NOTA GENERAL | |
| Nota general | Exposición realizada en Marlborough Gallery, mayo 22 a junio 21 de 1991 \ Incluye datos biográficos del artista \ Registro auspiciado por la FGAA. Bogotá |
| 501 ## - Con nota | |
| Con nota | The hunter gets captured / Dan Cameron |
| 505 ## - NOTA DE CONTENIDO FORMATEADA | |
| Nota sobre el contenido formateado | OBRAS : Retrato con marco Antonio del Pollaiulo Marie de Borgogne Retrato Caballero Retrato de un joven Madonna con fondo azul Francesco d'Este Portrait of Henry VIII Retrato de una dama Abanico Retrato de Infanta Margarita Francois Clouet Eva Retrato de Jane Seymour Portrait of young woman La infanta Margarita Mickey Mouse IV Mickey con pantalon rojo Composition La chica con pelota |
| 600 00 - ENTRADA DE SUJETO AÑADIDO - NOMBRE PERSONAL | |
| Nombre de la persona | VALDES, MANOLO, 1942/ |
| Subdivisión general | TRABAJOS PICTORICOS |
| 650 14 - ENTRADA DE SUJETO AÑADIDO - TÉRMINO TÓPICO | |
| Término tópico o elemento de entrada del nombre geográfico | ARTE CONTEMPORANEO ESPAÑOL |
| 650 14 - ENTRADA DE SUJETO AÑADIDO - TÉRMINO TÓPICO | |
| Término tópico o elemento de entrada del nombre geográfico | ARTISTAS PLASTICOS ESPAÑOLES EXPOSIONES |
| 650 14 - ENTRADA DE SUJETO AÑADIDO - TÉRMINO TÓPICO | |
| Subdivisión general | CATALOGOS |
| 650 14 - ENTRADA DE SUJETO AÑADIDO - TÉRMINO TÓPICO | |
| Subdivisión general | EXPOSICIONES |
| 650 14 - ENTRADA DE SUJETO AÑADIDO - TÉRMINO TÓPICO | |
| Término tópico o elemento de entrada del nombre geográfico | PINTURA AL OLEO |
| 650 14 - ENTRADA DE SUJETO AÑADIDO - TÉRMINO TÓPICO | |
| Término tópico o elemento de entrada del nombre geográfico | PINTURA ESPAÑOLA |
| 700 1# - ENTRADA AGREGADA - NOMBRE PERSONAL | |
| Nombre de la persona | Lamka, John \ Mates, Aida Robert E. \ Cameron, Dan |
| Estado de retirada | Pérdida de estatus | Estado dañado | No para préstamo | Código de recogida | Ubicación permanente | Ubicación actual | Ubicación de las estanterías | Fecha de adquisición | Número de llamada completo | Código de barras | Fecha de la última vez que se vio | Número de copia | Precio efectivo desde | Tipo de artículo Koha |
|---|---|---|---|---|---|---|---|---|---|---|---|---|---|---|
| General | ArtNexus | ArtNexus | General | 06/09/2022 | P-SP-00 M15M1 | 11006 | 06/09/2022 | Ej.1 | 06/09/2022 | Libro |